Skills for first certificate, (Record no. 1448)
[ view plain ]
| 000 -LEADER | |
|---|---|
| fixed length control field | 01305cam a22003255a 4500 |
| 003 - CONTROL NUMBER IDENTIFIER | |
| control field | EG-ScBUE |
| 005 - DATE AND TIME OF LATEST TRANSACTION | |
| control field | 20220530110346.0 |
| 008 - FIXED-LENGTH DATA ELEMENTS--GENERAL INFORMATION | |
| fixed length control field | 150825s2003 enka f 000 0 eng d |
| 020 ## - INTERNATIONAL STANDARD BOOK NUMBER | |
| International Standard Book Number | 1405017473 |
| 020 ## - INTERNATIONAL STANDARD BOOK NUMBER | |
| International Standard Book Number | 9781405017473 |
| 040 ## - CATALOGING SOURCE | |
| Transcribing agency | EG-ScBUE |
| Language of cataloging | eng |
| Description conventions | rda |
| Original cataloging agency | EG-ScBUE |
| Modifying agency | EG-ScBUE |
| 082 04 - DEWEY DECIMAL CLASSIFICATION NUMBER | |
| Classification number | 428 |
| Item number | MAN |
| Edition number | 22 |
| 100 1# - MAIN ENTRY--PERSONAL NAME | |
| Personal name | Mann, Malcolm, |
| Relator term | author. |
| 9 (RLIN) | 9253 |
| 245 10 - TITLE STATEMENT | |
| Title | Skills for first certificate, |
| Name of part/section of a work | Writing / |
| Statement of responsibility, etc | Malcolm Mann, Steve Taylore-Knowles. |
| 246 30 - VARYING FORM OF TITLE | |
| Title proper/short title | Writing |
| 264 #1 - PUBLICATION, DISTRIBUTION, ETC. (IMPRINT) | |
| Place of publication, distribution, etc | Oxford : |
| Name of publisher, distributor, etc | Macmillan Education, |
| Date of publication, distribution, etc | 2003. |
| 300 ## - PHYSICAL DESCRIPTION | |
| Extent | 112 pages : |
| Other physical details | color illustrations ; |
| Dimensions | 28 cm |
| 336 ## - CONTENT TYPE | |
| Source | rdacontent |
| Content type term | text |
| Content type code | txt |
| 337 ## - MEDIA TYPE | |
| Source | rdamedia |
| Media type term | unmediated |
| Media type code | n |
| 338 ## - CARRIER TYPE | |
| Source | rdacarrier |
| Carrier type term | volume |
| Carrier type code | nc |
| 520 ## - SUMMARY, ETC. | |
| Summary, etc | Skills for First Certificate provides focused and thorough training in each of the four parts of the Cambridge First Certificate in English (FCE) exam: Reading, Use of English, Writing and Listening and Speaking |
| 650 #7 - SUBJECT ADDED ENTRY--TOPICAL TERM | |
| Topical term or geographic name as entry element | English language |
| Form subdivision | Textbooks for foreign speakers. |
| Source of heading or term | BUEsh |
| 650 #7 - SUBJECT ADDED ENTRY--TOPICAL TERM | |
| Topical term or geographic name as entry element | English language |
| General subdivision | Writing |
| Form subdivision | Problems, exercises, etc. |
| Source of heading or term | BUEsh |
| 650 #7 - SUBJECT ADDED ENTRY--TOPICAL TERM | |
| Topical term or geographic name as entry element | English language |
| Form subdivision | Composition and exercises. |
| Source of heading or term | BUEsh |
| 651 ## - SUBJECT ADDED ENTRY--GEOGRAPHIC NAME | |
| Source of heading or term | BUEsh |
| 653 ## - INDEX TERM--UNCONTROLLED | |
| Resource For college | Humanities: English |
| Arrived date list | July2019 |
| 655 ## - INDEX TERM--GENRE/FORM | |
| Form subdivision | Reading book |
| 9 (RLIN) | 34232 |
| 700 1# - ADDED ENTRY--PERSONAL NAME | |
| Personal name | Taylore-Knowles, Steve, |
| Relator term | author. |
| 942 ## - ADDED ENTRY ELEMENTS (KOHA) | |
| Source of classification or shelving scheme | Dewey Decimal Classification |
| Koha item type | Book - Borrowing |
| Withdrawn status | Lost status | Source of classification or shelving scheme | Damaged status | Not for loan | Collection code | Home library | Current library | Shelving location | Date acquired | Source of acquisition | Cost, normal purchase price | Total Checkouts | Full call number | Barcode | Date last seen | Cost, replacement price | Price effective from | Koha item type | Date checked out |
|---|---|---|---|---|---|---|---|---|---|---|---|---|---|---|---|---|---|---|---|
| Dewey Decimal Classification | Central Library | Central Library | Second Floor | 06/09/2011 | 60.00 | 428 MAN | 000002977 | 15/07/2025 | 75.00 | 11/09/2006 | NB - Book (Non borrowing) | ||||||||
| Central Library | Central Library | Second Floor | 06/09/2011 | Purchase | 428 MAN | 000002976 | 15/07/2025 | 11/09/2006 | Book - Borrowing | ||||||||||
| Central Library | Central Library | Second Floor | 06/09/2011 | Purchase | 428 MAN | 000002975 | 15/07/2025 | 11/09/2006 | Book - Borrowing | ||||||||||
| Central Library | Central Library | Second Floor | 06/09/2011 | Purchase | 1 | 428 MAN | 000002974 | 15/07/2025 | 11/09/2006 | Book - Borrowing | 01/04/2010 | ||||||||
| Central Library | Central Library | Second Floor | 06/09/2011 | Purchase | 1 | 428 MAN | 000002973 | 15/07/2025 | 11/09/2006 | Book - Borrowing | 01/04/2010 |